000 01154cam a22003497a 4500
003 CHAP
005 20220817042233.0
008 971013s1955 r 00010 d
010 _a38357
011 _a39329
035 _a43449
040 _cCHAP
082 _a631.8
_bF3
110 _aFAO
245 1 3 _aLa legislación sobre los fertilizantes en América Latina
260 _aRoma :
_bFAO,
_c1955
300 _a85 p.
490 0 _aFAO. Cuadernos de fomento agropecuario
_v; 50
590 _aBATCH-UPD
_b10
_c20130110
_lUCH01
_h0254
590 _aBATCH-UPD
_b10
_c20130110
_lUCH01
_h1918
590 _aCONVERSION
_b10
_c20130109
_lUCH01
_h1321
650 1 4 _aAgricultura
_xLeyes.
_91720
650 1 4 _aFertilizantes
_xLeyes.
_940580
700 0 _aAbensour, Emmanuel S.
_9209
830 0 _aFAO. Cuadernos de fomento agropecuario
_v; 50
_939507
901 _aBK
942 _cLIBRO
949 _a631.8 F3
_bBC
_cFAO
_d-99529
_eFAO1
_h21938
_i43449
_si
949 _a631.8 F3
_bBC
_cFAO
_d-99530
_eFAO2
_fc.2
_h21939
_i43449
_si
949 _a631.8 F3
_bBC
_cFAO
_d-99531
_eFAO2
_fc.3
_h21940
_i43449
_si
949 _a631.8 F3
_bBC
_cFAO
_d-99532
_eFAO2
_fc.4
_h21941
_i43449
_si
999 _c38357
_d38357